00713nam a22002417a 4500003000500000005001700005008004100022010001000063011001000073035001000083040000900093082001700102111008200119245001600201260007200217300002300289490002900312650002700341650002600368650002900394700001900423830002900442CHAP20220329133738.0971013s1973 r 10010 d a10266 a11238 a10476 cCHAP a635bE3 197100aEastern Africa Horticultural Symposium (n2d: 1971c: Addis Abada, Ethiopia) aProceedings aThe Hague :bInternational Society for Horticultural Science,c1973 a131 p.b; gráfs. aActa Horticulturaev; 3314aHorticultura tropical.14aHorticulturaxAfrica.14aHorticulturaxCongresos.0 aBezuneh, Taye.0 aActa Horticulturaev; 33